| 000 | 00601cam a2200241 4500 | ||
|---|---|---|---|
| 001 | 1467 | ||
| 010 | _a9789897103612 | ||
| 021 |
_aPT _b467112/20 |
||
| 090 | _a1467 | ||
| 100 | _a20231205d2020 m||y0pory50030103ba | ||
| 101 | _apor | ||
| 102 | _aPT | ||
| 200 |
_aNão há planeta B _fCarmen Lima |
||
| 205 | _a1ª edição | ||
| 210 |
_aLisboa _cChá das Cinco, _d2020 |
||
| 215 |
_a207 p. _cil. _d21cm |
||
| 300 | _aBMB-Registado | ||
| 606 |
_91093 _aNatureza |
||
| 606 |
_91503 _aConservação da natureza |
||
| 675 |
_a502.3 _vBMB _zpor |
||
| 700 |
_aLima _bCarmen _91631 |
||
| 801 |
_aPT _bBMB _gRPC |
||
| 990 | _cLIVROS | ||